[Event "Heusenstamm Sparkassen op 11th"]
[Site "Heusenstamm"]
[Date "2024.11.23"]
[Round "4"]
[White "Trumpp, Lothar"]
[Black "Schellen, Sven"]
[Result "1-0"]
[WhiteElo "1908"]
[BlackElo "1836"]
[PlyCount "50"]
[EventDate "2024.11.21"]
[EventType "swiss"]
[EventRounds "7"]
[EventCountry "GER"]
[SourceTitle "CB51_2024"]
[SourceDate "2024.12.18"]
[SourceVersion "1"]
[SourceVersionDate "2024.12.18"]
[SourceQuality "1"]

1. b3 e5 2. Bb2 Nc6 3. e3 d5 4. Bb5 Bd6 5. f4 Qe7 6. Nf3 Bg4 7. fxe5 Bxe5 8. Bxe5 Bxf3 9. Qxf3 Qxe5 10. Nc3 Nf6 11. Bxc6+ bxc6 12. 0-0 0-0 13. Qf4 Qe7 14. Rf3 Rab8 15. d3 c5 16. Ne2 Rb4 17. c4 a5 18. Ng3 Qd6 19. Qg5 h6 20. Qh4 Qe5 21. Raf1 Nh7 22. Nf5 Ng5 23. Rg3 dxc4 24. dxc4 Rb6 25. Qf4 Re8 1-0

[Event "Heusenstamm Sparkassen op 11th"]
[Site "Heusenstamm"]
[Date "2024.11.22"]
[Round "2"]
[White "Eggenstein, Frank"]
[Black "Schellen, Sven"]
[Result "1-0"]
[WhiteElo "1945"]
[BlackElo "1836"]
[PlyCount "65"]
[EventDate "2024.11.21"]
[EventType "swiss"]
[EventRounds "7"]
[EventCountry "GER"]
[SourceTitle "CB51_2024"]
[SourceDate "2024.12.18"]
[SourceVersion "1"]
[SourceVersionDate "2024.12.18"]
[SourceQuality "1"]

1. e4 c6 2. d3 d5 3. Nd2 e5 4. Ngf3 Bd6 5. g3 Bg4 6. Bg2 Nf6 7. h3 Bh5 8. 0-0 0-0 9. a3 Nbd7 10. b3 Qc7 11. Bb2 Rfe8 12. Qe2 Nc5 13. Qe1 Bxf3 14. Bxf3 Ne6 15. Bg2 Nd4 16. Qd1 Rad8 17. c3 Ne6 18. Qc2 h5 19. Nf3 dxe4 20. dxe4 Qb6 21. Nd2 Bf8 22. Nc4 Qc7 23. Rad1 h4 24. Kh2 b5 25. Ne3 g6 26. Bc1 Nf4 27. Bf3 Ne6 28. Ng4 Nxg4+ 29. Bxg4 hxg3+ 30. fxg3 c5 31. h4 Qb6 32. h5 Ng5 33. Bxg5 1-0

[Event "Heusenstamm Sparkassen op-A 9th"]
[Site "Heusenstamm"]
[Date "2023.11.26"]
[Round "7"]
[White "Schellen, Sven"]
[Black "Guertler, Karl Heinz"]
[Result "1/2-1/2"]
[WhiteElo "1785"]
[BlackElo "1871"]
[PlyCount "96"]
[EventDate "2023.11.23"]
[EventType "swiss"]
[EventRounds "7"]
[EventCountry "GER"]
[SourceTitle "CBM 217 Extra"]
[Source "ChessBase"]
[SourceDate "2024.01.31"]
[SourceVersion "1"]
[SourceVersionDate "2024.01.31"]
[SourceQuality "1"]

1. d4 d6 2. Nf3 Nd7 3. Bf4 g6 4. c4 c5 5. e3 Qb6 6. Qb3 Bh6 7. Bg3 Ngf6 8. Nc3 cxd4 9. exd4 Qa5 10. Qb5 Qxb5 11. Nxb5 Kd8 12. Bd3 Nh5 13. Bh4 Nf4 14. Bf1 f6 15. g4 g5 16. Bg3 Nf8 17. h3 N8g6 18. 0-0-0 a6 19. Nc3 Bd7 20. Bd3 Rc8 21. Bxg6 Nxg6 22. Nd2 f5 23. f3 Bg7 24. Ne2 b5 25. b3 bxc4 26. bxc4 Bb5 27. gxf5 Nf4 28. Bxf4 gxf4 29. Nxf4 Bxc4 30. Kb1 Kd7 31. Nxc4 Rxc4 32. Ne6 Rb8+ 33. Ka1 Bh6 34. f4 Rc2 35. Rb1 Rbc8 36. Rb7+ Ke8 37. Re1 Rc1+ 38. Rxc1 Rxc1+ 39. Kb2 Rf1 40. d5 Kf7 41. Rb8 Kf6 42. Rh8 Kxf5 43. Rxh7 Bxf4 44. Nxf4 Rxf4 45. Rxe7 Rf2+ 46. Kb3 Rf3+ 47. Kb4 Rxh3 48. Re6 a5+ 1/2-1/2

[Event "Heusenstamm Sparkassen op-A 9th"]
[Site "Heusenstamm"]
[Date "2023.11.25"]
[Round "5"]
[White "Schellen, Sven"]
[Black "Sasikumar Anitha, Sarvesh"]
[Result "1-0"]
[WhiteElo "1785"]
[BlackElo "1466"]
[PlyCount "209"]
[EventDate "2023.11.23"]
[EventType "swiss"]
[EventRounds "7"]
[EventCountry "GER"]
[SourceTitle "CBM 217 Extra"]
[Source "ChessBase"]
[SourceDate "2024.01.31"]
[SourceVersion "1"]
[SourceVersionDate "2024.01.31"]
[SourceQuality "1"]

1. Nf3 Nf6 2. g3 g6 3. Bg2 Bg7 4. 0-0 0-0 5. d3 c5 6. e4 d5 7. Nbd2 Nc6 8. Re1 Bg4 9. h3 Bxf3 10. Qxf3 Nd4 11. Qd1 e6 12. c3 Nc6 13. e5 Nd7 14. f4 Qc7 15. Nb3 b5 16. Be3 c4 17. Nc5 Rfc8 18. Nxd7 Qxd7 19. dxc4 bxc4 20. b3 Ne7 21. b4 a5 22. a3 axb4 23. axb4 Qc6 24. Qe2 Ra4 25. Bc5 Bf8 26. Reb1 Rca8 27. Qb2 Nc8 28. Bd4 Qb5 29. Rxa4 Rxa4 30. Ra1 Nb6 31. Bf3 Rxa1+ 32. Qxa1 Qa4 33. Qxa4 Nxa4 34. Bd1 Nb2 35. b5 Nd3 36. b6 Nc5 37. Ba4 Nb7 38. Bc6 Nd8 39. Ba8 f6 40. b7 Nxb7 41. Bxb7 f5 42. Kf2 Kf7 43. Bc6 Ba3 44. Kf3 Ke7 45. Bb6 Kf7 46. Ba5 Bc5 47. Bb4 Bb6 48. g4 Ba7 49. gxf5 gxf5 50. Ba3 Bb6 51. Bc1 Bc5 52. Be3 Ba3 53. Kg3 Be7 54. Bb6 Kg7 55. Kf3 Ba3 56. Bd8 Bb2 57. Ba5 Bc1 58. Bb4 Bd2 59. Be8 Bc1 60. Bc5 Bd2 61. Bd4 Kf8 62. Ba4 Ke7 63. Kg3 Kf7 64. Bd1 Kg6 65. Kf3 Bc1 66. Be3 Bb2 67. Bd2 Ba3 68. Ke3 Bc5+ 69. Ke2 Bb6 70. Be3 Ba5 71. Kd2 Kf7 72. Kc2 Ke7 73. Kb2 Kd7 74. Ba4+ Kc7 75. Be8 Kd8 76. Bh5 Kd7 77. Bd2 Bb6 78. Ka3 Bf2 79. Kb4 Kc6 80. Be8+ Kc7 81. Kb5 Bg1 82. h4 Bf2 83. h5 h6 84. Kb4 Bh4 85. Be3 Bg3 86. Bb5 Bh4 87. Bxc4 dxc4 88. Kxc4 Kc6 89. Kd3 Be7 90. c4 Bf8 91. Kc3 Be7 92. Kb3 Bf8 93. Ka4 Be7 94. Ka5 Bf8 95. Ka6 Be7 96. Ka7 Kc7 97. Bd4 Bf8 98. Bb6+ Kc6 99. Bd8 Kd7 100. Bf6 Kc7 101. Bh4 Bc5+ 102. Ka6 Be3 103. Bg5 Kd7 104. Bxh6 Ke8 105. Kb5 1-0

[Event "Heusenstamm Sparkassen op-A 9th"]
[Site "Heusenstamm"]
[Date "2023.11.23"]
[Round "1"]
[White "Schellen, Sven"]
[Black "Herrmann, Jakob"]
[Result "0-1"]
[WhiteElo "1785"]
[BlackElo "2037"]
[PlyCount "54"]
[EventDate "2023.11.23"]
[EventType "swiss"]
[EventRounds "7"]
[EventCountry "GER"]
[SourceTitle "CBM 217 Extra"]
[Source "ChessBase"]
[SourceDate "2024.01.31"]
[SourceVersion "1"]
[SourceVersionDate "2024.01.31"]
[SourceQuality "1"]

1. d4 Nf6 2. Nf3 g6 3. c4 Bg7 4. Nc3 0-0 5. Bf4 d6 6. e3 Nbd7 7. Be2 c6 8. h3 Qe8 9. 0-0 e5 10. Bh2 Qe7 11. c5 dxc5 12. Nxe5 cxd4 13. exd4 Nb6 14. Bf3 Be6 15. Qe2 Rad8 16. Rad1 Rfe8 17. Rfe1 Qb4 18. Qd2 Nfd7 19. Bxc6 Bxe5 20. Bxb7 Bxh2+ 21. Kxh2 Nc4 22. Qc1 Qxb7 23. d5 Bf5 24. Qg5 Qxb2 25. Rc1 Qd2 26. Qh4 Rxe1 27. Qxd8+ Nf8 0-1

[Event "Heusenstamm Sparkassen op 8th"]
[Site "Heusenstamm"]
[Date "2022.11.19"]
[Round "5"]
[White "Ahrends, Norbert"]
[Black "Schellen, Sven"]
[Result "1-0"]
[WhiteElo "1919"]
[BlackElo "1789"]
[PlyCount "65"]
[EventDate "2022.11.17"]
[EventType "swiss"]
[EventRounds "7"]
[EventCountry "GER"]
[SourceTitle "CBM 212 Extra"]
[Source "ChessBase"]
[SourceDate "2023.03.31"]
[SourceVersion "1"]
[SourceVersionDate "2023.03.31"]
[SourceQuality "1"]

1. d4 d5 2. c4 e6 3. Nc3 c5 4. Nf3 Nc6 5. cxd5 exd5 6. e3 Nf6 7. Be2 Bd6 8. Nb5 0-0 9. Nxd6 Qxd6 10. 0-0 Re8 11. dxc5 Qxc5 12. a3 Bf5 13. b4 Qb6 14. Bb2 Ne7 15. Bd4 Qd6 16. Nh4 Rad8 17. Nxf5 Nxf5 18. Bc5 Qb8 19. b5 b6 20. Bb4 d4 21. Qc2 g6 22. Bd3 Ng4 23. g3 Nh4 24. e4 Nf3+ 25. Kg2 Nfe5 26. Bd2 Nxd3 27. Qxd3 Ne5 28. Qb3 Qb7 29. f3 Rc8 30. Rac1 Rxc1 31. Bxc1 Kg7 32. Bb2 Rd8 33. Rd1 1-0

[Event "Heusenstamm Sparkassen op-A 7th"]
[Site "Heusenstamm"]
[Date "2021.11.19"]
[Round "2.60"]
[White "Schellen, Sven"]
[Black "Kempe, Caius Emilian"]
[Result "0-1"]
[WhiteElo "1848"]
[BlackElo "1975"]
[PlyCount "58"]
[EventDate "2021.11.18"]
[EventType "swiss"]
[EventRounds "7"]
[EventCountry "GER"]
[SourceTitle "EXT 2023"]
[Source "ChessBase"]
[SourceDate "2022.10.05"]
[SourceVersion "1"]
[SourceVersionDate "2022.10.05"]
[SourceQuality "1"]

1. d4 d5 2. c4 c6 3. Nf3 Nf6 4. g3 g6 5. Bg2 Bg7 6. 0-0 0-0 7. Nc3 dxc4 8. Ne5 Ng4 9. f4 Nxe5 10. fxe5 c5 11. e3 Nc6 12. Bxc6 bxc6 13. Ne4 cxd4 14. exd4 Qb6 15. Rf2 Bf5 16. Nc3 Rad8 17. Be3 Bxe5 18. Na4 Qc7 19. Rc1 Bxg3 20. Rxf5 gxf5 21. Bh6 Bf4 22. Bxf8 Rxf8 23. Rxc4 Kh8 24. Qh5 Rg8+ 25. Kf1 Bxh2 26. Rc3 Qf4+ 27. Rf3 Qc1+ 28. Kf2 Qd2+ 29. Kf1 Rg1# 0-1

[Event "Heusenstamm Sparkassen op-A 6th"]
[Site "Heusenstamm"]
[Date "2019.11.22"]
[Round "3"]
[White "Kalepky, Helmut"]
[Black "Schellen, Sven"]
[Result "1/2-1/2"]
[WhiteElo "1973"]
[BlackElo "1835"]
[PlyCount "87"]
[EventDate "2019.11.21"]
[EventType "swiss"]
[EventRounds "7"]
[EventCountry "GER"]
[SourceTitle "CBM 194 Extra"]
[Source "ChessBase"]
[SourceDate "2020.03.31"]
[SourceVersion "1"]
[SourceVersionDate "2020.03.31"]
[SourceQuality "1"]

1. e4 Nf6 2. e5 Nd5 3. d4 d6 4. Nf3 Bg4 5. c4 Nb6 6. exd6 cxd6 7. Be2 Nc6 8. b3 g6 9. Bb2 Bg7 10. Nbd2 e5 11. d5 Ne7 12. Ne4 Bxf3 13. Bxf3 Nf5 14. g3 0-0 15. Bg2 Nh6 16. Qd2 f6 17. Bh3 Nf7 18. Be6 Kh8 19. h4 Bh6 20. f4 Kg7 21. Qh2 Qe7 22. f5 Be3 23. Ke2 gxf5 24. Bxf5 Nh6 25. Raf1 Nxf5 26. Rxf5 Bh6 27. Rhf1 Nd7 28. Ba3 Qd8 29. Bxd6 Rf7 30. Qf2 Qa5 31. Kd3 Kg8 32. g4 Bf4 33. a4 Qa6 34. Ba3 Rd8 35. Kc2 Rc8 36. Bc1 Rxc4+ 37. bxc4 Qxc4+ 38. Kb2 Qb4+ 39. Ka1 Qxa4+ 40. Qa2 Qd4+ 41. Qb2 Qa4+ 42. Qa2 Qd4+ 43. Qb2 Qa4+ 44. Qa2 1/2-1/2

[Event "Wiesbaden op 31st"]
[Site "Wiesbaden"]
[Date "2019.08.23"]
[Round "3"]
[White "Bauer, Claus"]
[Black "Schellen, Sven"]
[Result "1-0"]
[WhiteElo "2123"]
[BlackElo "1855"]
[PlyCount "29"]
[EventDate "2019.08.22"]
[EventType "swiss"]
[EventRounds "7"]
[EventCountry "GER"]
[SourceTitle "EXT 2020"]
[Source "ChessBase"]
[SourceDate "2019.10.17"]
[SourceVersion "1"]
[SourceVersionDate "2019.10.17"]
[SourceQuality "1"]

1. d4 d5 2. Nf3 c5 3. dxc5 Nc6 4. c3 e5 5. b4 a6 6. e4 d4 7. Bc4 Bg4 8. Qb3 Qd7 9. Nbd2 Nf6 10. Bb2 Bh5 11. cxd4 exd4 12. e5 Ng4 13. 0-0 Ngxe5 14. Nxe5 Nxe5 15. Rae1 1-0

[Event "Wiesbaden op 31st"]
[Site "Wiesbaden"]
[Date "2019.08.23"]
[Round "2"]
[White "Staggat, Rolf"]
[Black "Schellen, Sven"]
[Result "0-1"]
[WhiteElo "1639"]
[BlackElo "1855"]
[PlyCount "48"]
[EventDate "2019.08.22"]
[EventType "swiss"]
[EventRounds "7"]
[EventCountry "GER"]
[SourceTitle "EXT 2020"]
[Source "ChessBase"]
[SourceDate "2019.10.17"]
[SourceVersion "1"]
[SourceVersionDate "2019.10.17"]
[SourceQuality "1"]

1. e4 Nf6 2. d3 e5 3. Nf3 Nc6 4. g3 Bc5 5. Bg2 d6 6. 0-0 h6 7. c3 Bb6 8. b4 0-0 9. Nbd2 a6 10. a4 Re8 11. Nc4 Ba7 12. b5 Ne7 13. Qc2 axb5 14. axb5 Bxf2+ 15. Qxf2 Rxa1 16. Qb2 Ra8 17. h3 Ng6 18. Be3 Be6 19. Nfd2 d5 20. Na3 dxe4 21. Nxe4 Nxe4 22. Bxe4 Qd6 23. Ra1 c6 24. Kh2 f5 0-1

[Event "Eschborn op"]
[Site "Eschborn"]
[Date "2019.08.17"]
[Round "2.13"]
[White "Westphal, Frank"]
[Black "Schellen, Sven"]
[Result "1/2-1/2"]
[WhiteElo "1906"]
[BlackElo "1797"]
[PlyCount "56"]
[EventDate "2019.08.16"]
[EventType "swiss"]
[EventRounds "5"]
[EventCountry "GER"]
[SourceTitle "EXT 2024"]
[Source "ChessBase"]
[SourceDate "2023.10.10"]
[SourceVersion "1"]
[SourceVersionDate "2023.10.10"]
[SourceQuality "1"]

1. e4 Nf6 2. Nc3 d5 3. e5 d4 4. exf6 dxc3 5. fxg7 cxd2+ 6. Qxd2 Qxd2+ 7. Bxd2 Bxg7 8. 0-0-0 Nc6 9. Bb5 Bd7 10. Nf3 e5 11. Rhe1 f6 12. Bxc6 Bxc6 13. Nd4 Bd7 14. f4 0-0-0 15. fxe5 fxe5 16. Nf3 Bg4 17. h3 Bxf3 18. gxf3 Rhf8 19. Rg1 Bh8 20. Rdf1 Rf5 21. Rg5 Rdf8 22. Rxf5 Rxf5 23. Bc3 Bf6 24. Kd2 Kd7 25. Ke2 Ke6 26. Bd2 Rh5 27. Rh1 Kf5 28. Kf2 Bh4+ 1/2-1/2

[Event "Hessen-chB"]
[Site "Frankfurt"]
[Date "2019.06.02"]
[Round "7"]
[White "Schellen, Sven"]
[Black "Weber, Andreas"]
[Result "1-0"]
[WhiteElo "1853"]
[BlackElo "1694"]
[PlyCount "65"]
[EventDate "2019.05.30"]
[EventType "swiss"]
[EventRounds "7"]
[EventCountry "GER"]
[SourceTitle "EXT 2020"]
[Source "ChessBase"]
[SourceDate "2019.10.17"]
[SourceVersion "1"]
[SourceVersionDate "2019.10.17"]
[SourceQuality "1"]

1. d4 Nf6 2. c4 g6 3. Nc3 Bg7 4. Nf3 0-0 5. Bf4 d6 6. e3 Nbd7 7. Be2 Re8 8. 0-0 e5 9. dxe5 dxe5 10. Nxe5 Qe7 11. Nxd7 Bxd7 12. Bxc7 Qc5 13. Qd6 Qg5 14. Qg3 Qf5 15. Qf4 Qc5 16. Bf3 Re6 17. Nd5 Rae8 18. b4 Qf8 19. Rad1 Ba4 20. Rd3 Bc2 21. Rd2 g5 22. Nxf6+ Rxf6 23. Qg3 Qxb4 24. Rxc2 Qc5 25. Rd1 h5 26. Bd8 Rfe6 27. Qc7 Rxe3 28. Rcc1 Qf5 29. fxe3 Be5 30. Qd7 Bxh2+ 31. Kxh2 Qe5+ 32. Kh1 g4 33. Bxg4 1-0

[Event "Hessen-chB"]
[Site "Frankfurt"]
[Date "2019.05.30"]
[Round "2"]
[White "Schellen, Sven"]
[Black "Lange, Martin1"]
[Result "1/2-1/2"]
[WhiteElo "1853"]
[BlackElo "1763"]
[PlyCount "42"]
[EventDate "2019.05.30"]
[EventType "swiss"]
[EventRounds "7"]
[EventCountry "GER"]
[SourceTitle "EXT 2020"]
[Source "ChessBase"]
[SourceDate "2019.10.17"]
[SourceVersion "1"]
[SourceVersionDate "2019.10.17"]
[SourceQuality "1"]

1. d4 Nf6 2. c4 g6 3. Nc3 d5 4. Nf3 Bg7 5. Bf4 0-0 6. e3 c5 7. dxc5 Qa5 8. Qa4 Qxc5 9. Be2 dxc4 10. Qxc4 Qxc4 11. Bxc4 a6 12. 0-0 Nc6 13. Ne5 Nxe5 14. Bxe5 b5 15. Bb3 Bb7 16. Rfd1 Rfd8 17. Bc7 Rxd1+ 18. Rxd1 Ne4 19. Nd5 e6 20. Nb6 Re8 21. f3 Nc5 1/2-1/2

[Event "Hessen Cup Goldener Springer"]
[Site "Griesheim"]
[Date "2019.01.20"]
[Round "5"]
[White "Hebauf, Markus"]
[Black "Schellen, Sven"]
[Result "0-1"]
[WhiteElo "1574"]
[BlackElo "1858"]
[PlyCount "96"]
[EventDate "2019.01.18"]
[EventType "swiss"]
[EventRounds "6"]
[EventCountry "GER"]
[SourceTitle "EXT 2020"]
[Source "ChessBase"]
[SourceDate "2019.10.17"]
[SourceVersion "1"]
[SourceVersionDate "2019.10.17"]
[SourceQuality "1"]

1. e4 e5 2. Nf3 Nc6 3. Nc3 Nf6 4. Bc4 Bb4 5. a3 Bxc3 6. bxc3 Nxe4 7. Bd5 Nf6 8. Bxc6 dxc6 9. Nxe5 0-0 10. 0-0 Re8 11. Re1 Qd6 12. d4 Bg4 13. Qd3 Nd7 14. Bf4 Nxe5 15. Bxe5 Qd7 16. Qg3 Re7 17. f3 f6 18. Bxc7 Qxc7 19. Qxg4 Rae8 20. Re4 Rxe4 21. fxe4 Qe7 22. Kf2 Qxe4 23. Qxe4 Rxe4 24. Re1 Rxe1 25. Kxe1 Kf7 26. Kd2 Ke6 27. Kd3 g5 28. g4 f5 29. gxf5+ Kxf5 30. Ke3 h5 31. c4 g4 32. c3 h4 33. d5 cxd5 34. cxd5 b5 35. d6 Ke6 36. d7 Kxd7 37. Kf4 g3 38. hxg3 hxg3 39. Kxg3 Kd6 40. Kf4 Kd5 41. Ke3 Kc4 42. Kd2 Kb3 43. Kd3 a5 44. a4 Kxa4 45. c4 b4 46. c5 Kb5 47. Kd4 b3 48. Kc3 a4 0-1

[Event "Heusenstamm Sparkassen op-A 5th"]
[Site "Heusenstamm"]
[Date "2018.11.24"]
[Round "5"]
[White "Chassard, Cedric"]
[Black "Schellen, Sven"]
[Result "0-1"]
[WhiteElo "1758"]
[BlackElo "1865"]
[PlyCount "50"]
[EventDate "2018.11.22"]
[EventType "swiss"]
[EventRounds "7"]
[EventCountry "GER"]
[SourceTitle "CBM 188 Extra"]
[Source "ChessBase"]
[SourceDate "2019.02.28"]
[SourceVersion "1"]
[SourceVersionDate "2019.02.28"]
[SourceQuality "1"]

1. e4 e5 2. Nf3 Nc6 3. Bc4 Nf6 4. d3 Bc5 5. c3 h6 6. Bb3 a6 7. Nbd2 d6 8. 0-0 0-0 9. h3 Ba7 10. Re1 Ne7 11. Nf1 Ng6 12. Ng3 c6 13. Nh2 Be6 14. Ng4 Nxg4 15. hxg4 Qh4 16. Bxe6 Bxf2+ 17. Kxf2 fxe6+ 18. Kg1 Qxg3 19. Be3 Nh4 20. Qc2 Nf3+ 21. Kf1 Nxe1+ 22. Bf2 Nxc2 23. Ke2 Qxf2+ 24. Kd1 Ne3+ 25. Kc1 Qc2# 0-1

[Event "Heusenstamm Sparkassen op-A 5th"]
[Site "Heusenstamm"]
[Date "2018.11.24"]
[Round "4"]
[White "Schellen, Sven"]
[Black "Niedenthal, Robert"]
[Result "1/2-1/2"]
[WhiteElo "1865"]
[BlackElo "1700"]
[PlyCount "143"]
[EventDate "2018.11.22"]
[EventType "swiss"]
[EventRounds "7"]
[EventCountry "GER"]
[SourceTitle "CBM 188 Extra"]
[Source "ChessBase"]
[SourceDate "2019.02.28"]
[SourceVersion "1"]
[SourceVersionDate "2019.02.28"]
[SourceQuality "1"]

1. d4 Nf6 2. c4 c5 3. Nf3 cxd4 4. Nxd4 e5 5. Nc2 Nc6 6. Nc3 a6 7. e4 Bc5 8. f3 0-0 9. Be3 Bxe3 10. Nxe3 Nd4 11. Nc2 Qb6 12. b3 d6 13. Nxd4 exd4 14. Na4 Qa7 15. Qd2 Bd7 16. Nb2 b5 17. Rd1 bxc4 18. Bxc4 d5 19. exd5 Rfe8+ 20. Kf1 Bb5 21. Qxd4 Qe7 22. Kf2 Qa3 23. Rhe1 Rad8 24. Rxe8+ Rxe8 25. Rd2 Qxa2 26. d6 Qa5 27. Re2 Rd8 28. Re7 Bxc4 29. bxc4 Qb4 30. Rc7 h6 31. d7 Rxd7 32. Rxd7 Nxd7 33. Ke2 Nf6 34. Nd3 Qa4 35. Ke3 Qd1 36. Qd8+ Kh7 37. Qa5 Qg1+ 38. Kd2 Qxg2+ 39. Kc3 Qxf3 40. Qe5 Qh1 41. c5 Qa1+ 42. Nb2 a5 43. Qf5+ Kh8 44. Kb3 Qe1 45. Nd3 Qd1+ 46. Kc3 Qa1+ 47. Kd2 Qa2+ 48. Ke3 Qxh2 49. Qc8+ Ng8 50. c6 Qg3+ 51. Kd4 Qd6+ 52. Kc4 Kh7 53. Qf5+ Kh8 54. Qd7 Qe6+ 55. Kb5 Ne7 56. Qxe6 fxe6 57. c7 Kg8 58. Ne5 g5 59. Kxa5 h5 60. Kb5 g4 61. Kc4 g3 62. Kd3 Kg7 63. Ke2 Nc8 64. Nf3 Kf6 65. Ng1 Kf5 66. Kf3 h4 67. Ne2 e5 68. Nc3 Nd6 69. Ne4 Nc8 70. Nc3 Ke6 71. Kg2 Kf5 72. Kf3 1/2-1/2

[Event "Heusenstamm Sparkassen op-A 5th"]
[Site "Heusenstamm"]
[Date "2018.11.23"]
[Round "2"]
[White "Schellen, Sven"]
[Black "Werner, Dimo"]
[Result "1/2-1/2"]
[WhiteElo "1865"]
[BlackElo "1993"]
[PlyCount "42"]
[EventDate "2018.11.22"]
[EventType "swiss"]
[EventRounds "7"]
[EventCountry "GER"]
[SourceTitle "CBM 188 Extra"]
[Source "ChessBase"]
[SourceDate "2019.02.28"]
[SourceVersion "1"]
[SourceVersionDate "2019.02.28"]
[SourceQuality "1"]

1. d4 Nf6 2. c4 e6 3. Nf3 b6 4. g3 Bb7 5. Bg2 Be7 6. 0-0 0-0 7. Nc3 Ne4 8. Qc2 Nxc3 9. bxc3 f5 10. d5 Na6 11. Rd1 Qc8 12. Nd4 Nc5 13. Ba3 Rb8 14. Bf3 g6 15. dxe6 dxe6 16. Nc6 Bxc6 17. Bxc6 Rf7 18. Rd2 Bd6 19. Rad1 Qf8 20. Bxc5 Bxc5 21. Qa4 a5 1/2-1/2

[Event "Eschborn op"]
[Site "Eschborn"]
[Date "2018.10.07"]
[Round "5"]
[White "Hinz, Andre"]
[Black "Schellen, Sven"]
[Result "1/2-1/2"]
[WhiteElo "1777"]
[BlackElo "1801"]
[PlyCount "63"]
[EventDate "2018.10.05"]
[EventType "swiss"]
[EventRounds "5"]
[EventCountry "GER"]
[SourceTitle "CBM 187 Extra"]
[Source "ChessBase"]
[SourceDate "2018.11.04"]
[SourceVersion "1"]
[SourceVersionDate "2018.11.04"]
[SourceQuality "1"]

1. c4 c5 2. g3 Nf6 3. Bg2 d5 4. cxd5 Nxd5 5. Nc3 Nc7 6. Nf3 Nc6 7. 0-0 e5 8. d3 Be7 9. Be3 Rb8 10. Nd2 Be6 11. Nde4 Nd4 12. Qa4+ b5 13. Qd1 0-0 14. Qd2 f6 15. f4 Qd7 16. fxe5 fxe5 17. Ng5 Bg4 18. Nf3 Bf6 19. Ne4 Bxf3 20. Bxf3 Nxf3+ 21. Rxf3 c4 22. Bxa7 Rbd8 23. Bc5 Be7 24. Bxe7 Qxe7 25. Raf1 Rxf3 26. Rxf3 Qd7 27. Qc3 Qd4+ 28. Kg2 Nd5 29. Qa5 Rb8 30. Qd2 Rd8 31. Qa5 Rb8 32. Qd2 1/2-1/2

[Event "Eschborn op"]
[Site "Eschborn"]
[Date "2018.10.06"]
[Round "3"]
[White "Bajorski, Marius"]
[Black "Schellen, Sven"]
[Result "1/2-1/2"]
[WhiteElo "2003"]
[BlackElo "1801"]
[PlyCount "50"]
[EventDate "2018.10.05"]
[EventType "swiss"]
[EventRounds "5"]
[EventCountry "GER"]
[SourceTitle "CBM 187 Extra"]
[Source "ChessBase"]
[SourceDate "2018.11.04"]
[SourceVersion "1"]
[SourceVersionDate "2018.11.04"]
[SourceQuality "1"]

1. d4 d5 2. Nc3 c5 3. Bf4 Nc6 4. e3 cxd4 5. exd4 Nf6 6. Nb5 e5 7. dxe5 Bg4 8. Qd2 a6 9. exf6 axb5 10. Qe3+ Be6 11. fxg7 Bxg7 12. c3 b4 13. Bb5 bxc3 14. Bxc6+ bxc6 15. bxc3 Qf6 16. Ne2 0-0 17. 0-0 Ra4 18. Bd6 Rfa8 19. a3 Re4 20. Qd2 Bh6 21. Qb2 Qd8 22. Bc5 Rb8 23. Qc2 Rc4 24. Be3 Bxe3 25. fxe3 Qb6 1/2-1/2

[Event "Eschborn op"]
[Site "Eschborn"]
[Date "2018.10.06"]
[Round "4"]
[White "Schellen, Sven"]
[Black "Everett, Elijah David"]
[Result "0-1"]
[WhiteElo "1801"]
[BlackElo "2212"]
[PlyCount "60"]
[EventDate "2018.10.05"]
[EventType "swiss"]
[EventRounds "5"]
[EventCountry "GER"]
[SourceTitle "CBM 187 Extra"]
[Source "ChessBase"]
[SourceDate "2018.11.04"]
[SourceVersion "1"]
[SourceVersionDate "2018.11.04"]
[SourceQuality "1"]

1. d4 Nf6 2. c4 g6 3. Nc3 Bg7 4. Nf3 0-0 5. Bf4 d5 6. e3 c6 7. h3 Nbd7 8. cxd5 Nxd5 9. Nxd5 cxd5 10. Bd3 Qb6 11. Qd2 Nf6 12. 0-0 Ne4 13. Qe2 Bf5 14. g4 Be6 15. Ng5 Nxg5 16. Bxg5 f6 17. Bh4 Bf7 18. f4 e5 19. fxe5 fxe5 20. Be7 Rfe8 21. Bc5 Qe6 22. Bb5 b6 23. Bxe8 Rxe8 24. Ba3 exd4 25. Rf3 g5 26. Raf1 Bg6 27. Re1 dxe3 28. Qxe3 Bd4 29. Qxd4 Qxe1+ 30. Kh2 Re2+ 0-1

[Event "Eschborn op"]
[Site "Eschborn"]
[Date "2017.10.15"]
[Round "4"]
[White "Schellen, Sven"]
[Black "Tremoehlen, Thomas"]
[Result "1-0"]
[WhiteElo "1797"]
[BlackElo "1935"]
[PlyCount "59"]
[EventDate "2017.10.13"]
[EventType "swiss"]
[EventRounds "5"]
[EventCountry "GER"]
[SourceTitle "EXT 2019"]
[Source "ChessBase"]
[SourceDate "2018.10.10"]
[SourceVersion "1"]
[SourceVersionDate "2018.10.10"]
[SourceQuality "1"]

1. d4 Nf6 2. c4 g6 3. Nc3 Bg7 4. Nf3 0-0 5. Bf4 d6 6. e3 b6 7. Be2 Bb7 8. 0-0 Ne4 9. Nxe4 Bxe4 10. Rc1 Nd7 11. b4 e5 12. Bg3 h6 13. c5 bxc5 14. bxc5 f5 15. h3 f4 16. Bh2 g5 17. c6 Nb6 18. dxe5 dxe5 19. Nd2 Bg6 20. Bf3 Qe7 21. Ne4 Rad8 22. Qe2 Qb4 23. Nc5 Rd2 24. Qe1 a5 25. Na6 Qd6 26. Nxc7 Rxa2 27. Nb5 Qf6 28. e4 Rc8 29. Qc3 Be8 30. Na7 1-0

[Event "Frankfurt-chA"]
[Site "Frankfurt"]
[Date "2017.05.29"]
[Round "6"]
[White "Schellen, Sven"]
[Black "Hofmann, Werner"]
[Result "1/2-1/2"]
[WhiteElo "1801"]
[BlackElo "1590"]
[PlyCount "93"]
[EventDate "2017.04.24"]
[EventType "swiss"]
[EventRounds "7"]
[EventCountry "GER"]
[SourceTitle "EXT 2018"]
[Source "ChessBase"]
[SourceDate "2017.10.13"]
[SourceVersion "1"]
[SourceVersionDate "2017.10.13"]
[SourceQuality "1"]

1. d4 d5 2. c4 c6 3. Nf3 f5 4. g3 e6 5. Bg2 Bd6 6. 0-0 Nf6 7. Nc3 0-0 8. Bg5 Bd7 9. Ne5 Be8 10. f3 Nbd7 11. Nxd7 Qxd7 12. e4 fxe4 13. Bxf6 Rxf6 14. fxe4 dxc4 15. Rxf6 gxf6 16. Qg4+ Bg6 17. d5 Bc5+ 18. Kh1 Kf7 19. Rf1 Bb4 20. Bh3 Re8 21. dxe6+ Qxe6 22. Qxe6+ Rxe6 23. Bxe6+ Kxe6 24. Rf4 Bxc3 25. bxc3 Ke5 26. Kg2 Bxe4+ 27. Kf2 b5 28. Ke3 Bd3 29. Rd4 a5 30. Rd8 b4 31. Ra8 bxc3 32. Rxa5+ Kd6 33. Ra3 c2 34. Rc3 Kc5 35. Kd2 f5 36. h4 h5 37. Rxc2 Bxc2 38. Kxc2 Kb4 39. a3+ Kxa3 40. Kc3 Ka2 41. Kxc4 Kb2 42. Kc5 Kc3 43. Kxc6 Kd4 44. Kd6 f4 45. gxf4 Ke4 46. f5 Kxf5 47. Kd5 1/2-1/2